Zur Aussagekraft von Verklärungssprüchen der Totenliteratur über den Vollzug konkreter Bestattungsriten in griechisch-römischer Zeit

Saved in:
Bibliographic Details
Main Author: Pries, Andreas H. (Author)
Format: Chapter/Article Conference Paper
Language:German
Published: 2014
In: Ägyptische Rituale der griechisch-römischen Zeit
Year: 2014, Pages: 223-246
Online Access: Get full text
Author Notes:Andreas H. Pries

MARC

LEADER 00000caa a22000002c 4500
001 1751679187
003 DE-627
005 20241205132224.0
007 tu
008 210318s2014 xx ||||| 00| ||ger c
035 |a (DE-627)1751679187 
035 |a (DE-599)KXP1751679187 
035 |a (OCoLC)1475284827 
040 |a DE-627  |b ger  |c DE-627  |e rda 
041 |a ger 
084 |a 60  |2 sdnb 
084 |a 0  |2 ssgn 
100 1 |a Pries, Andreas H.  |d 1978-  |e VerfasserIn  |0 (DE-588)139543678  |0 (DE-627)611824426  |0 (DE-576)311095259  |4 aut 
245 1 0 |a Zur Aussagekraft von Verklärungssprüchen der Totenliteratur über den Vollzug konkreter Bestattungsriten in griechisch-römischer Zeit  |c Andreas H. Pries 
264 1 |c 2014 
300 |a 24 
336 |a Text  |b txt  |2 rdacontent 
337 |a ohne Hilfsmittel zu benutzen  |b n  |2 rdamedia 
338 |a Band  |b nc  |2 rdacarrier 
773 0 8 |i Enthalten in  |t Ägyptische Rituale der griechisch-römischen Zeit  |d Tübingen : Mohr Siebeck, 2014  |g (2014), Seite 223-246  |h VI, 377 S.  |w (DE-627)1603766227  |w (DE-576)325113874  |z 9783161504181  |7 nnam  |a Zur Aussagekraft von Verklärungssprüchen der Totenliteratur über den Vollzug konkreter Bestattungsriten in griechisch-römischer Zeit 
773 1 8 |g year:2014  |g pages:223-246  |g extent:24  |a Zur Aussagekraft von Verklärungssprüchen der Totenliteratur über den Vollzug konkreter Bestattungsriten in griechisch-römischer Zeit 
935 |a mteo 
951 |a AR 
992 |a 20240807 
993 |a ConferencePaper 
994 |a 2014 
998 |g 139543678  |a Pries, Andreas H.  |m 139543678:Pries, Andreas H.  |d 910000  |d 950000  |d 950950  |e 910000PP139543678  |e 950000PP139543678  |e 950950PP139543678  |k 0/910000/  |k 1/910000/950000/  |k 2/910000/950000/950950/  |p 1  |x j  |y j 
999 |a KXP-PPN1751679187  |e 4563534862 
BIB |a Y 
JSO |a {"relHost":[{"disp":"Zur Aussagekraft von Verklärungssprüchen der Totenliteratur über den Vollzug konkreter Bestattungsriten in griechisch-römischer ZeitÄgyptische Rituale der griechisch-römischen Zeit","language":["ger","fre","eng"],"origin":[{"dateIssuedDisp":"2014","publisherPlace":"Tübingen","dateIssuedKey":"2014","publisher":"Mohr Siebeck"}],"physDesc":[{"noteIll":"Ill., Kt.","noteFormat":"25 cm","noteAccMat":"1 CD-ROM (12 cm)","extent":"VI, 377 S."}],"note":["Beitr. teilw. dt., teilw. engl., teilw. franz. - Literaturangaben"],"person":[{"given":"Joachim Friedrich","display":"Quack, Joachim Friedrich","role":"edt","family":"Quack"}],"type":{"bibl":"edited-book"},"id":{"isbn":["9783161504181"],"eki":["1603766227"]},"relMultPart":[{"id":{"eki":["611731029"],"zdb":["2521522-X"],"issn":["1869-0513"]},"dispAlt":"Orientalische Religionen in der Antike","title":[{"title_sort":"Orientalische Religionen in der Antike","title":"Orientalische Religionen in der Antike","subtitle":"Ägypten, Israel, Alter Orient ; (ORA) = Oriental religions in antiquity"}],"part":{"number_sort":["6"],"number":["6"]},"titleAlt":[{"title":"ORA"}],"recId":"611731029","physDesc":[{"noteFormat":"25 cm"}],"person":[{"display":"Quack, Joachim Friedrich","given":"Joachim Friedrich","family":"Quack","role":"edt"}],"type":{"bibl":"serial"},"pubHistory":["1.2009 -"],"language":["ger","eng"],"titleTranslated":[{"translated":"Oriental religions in antiquity"}],"origin":[{"publisher":"Mohr Siebeck","dateIssuedKey":"2009","dateIssuedDisp":"2009-","publisherPlace":"Tübingen"}],"disp":"Orientalische Religionen in der Antike"}],"name":{"displayForm":["hrsg. von Joachim Friedrich Quack"]},"title":[{"title_sort":"Ägyptische Rituale der griechisch-römischen Zeit","title":"Ägyptische Rituale der griechisch-römischen Zeit"}],"part":{"pages":"223-246","year":"2014","extent":"24","text":"(2014), Seite 223-246"},"titleAlt":[{"title":"Papyrus-Fotos"}],"recId":"1603766227"}],"type":{"bibl":"chapter"},"person":[{"role":"aut","family":"Pries","given":"Andreas H.","display":"Pries, Andreas H."}],"physDesc":[{"extent":"24 S."}],"recId":"1751679187","name":{"displayForm":["Andreas H. Pries"]},"title":[{"title_sort":"Zur Aussagekraft von Verklärungssprüchen der Totenliteratur über den Vollzug konkreter Bestattungsriten in griechisch-römischer Zeit","title":"Zur Aussagekraft von Verklärungssprüchen der Totenliteratur über den Vollzug konkreter Bestattungsriten in griechisch-römischer Zeit"}],"origin":[{"dateIssuedKey":"2014","dateIssuedDisp":"2014"}],"language":["ger"],"id":{"eki":["1751679187"]}} 
SRT |a PRIESANDREZURAUSSAGE2014